Bibliometric analysis and evaluation of research writings by Indian authors in the field of physics (Record no. 11134)

MARC details
000 -LEADER
fixed length control field 00520nam a2200157Ia 4500
082 ## - DEWEY DECIMAL CLASSIFICATION NUMBER
Classification number TR.0017
100 ## - MAIN ENTRY--AUTHOR NAME
Personal name Roy, Paul Mohan
245 #0 - TITLE STATEMENT
Title Bibliometric analysis and evaluation of research writings by Indian authors in the field of physics
260 ## - PUBLICATION, DISTRIBUTION, ETC. (IMPRINT)
Year of publication 1985
Name of publisher Madurai Kamaraj University
300 ## - PHYSICAL DESCRIPTION
Number of Pages 269p. + C D - 50
650 ## - SUBJECT ADDED ENTRY--TOPICAL TERM
Topical Term PHYSICS LITERATURE//PHYSICS - BIBLIOGRAPHY
650 ## - SUBJECT ADDED ENTRY--TOPICAL TERM
Topical Term BIBLIOGRAPHY///PHYSICS - BIBLIOGRAPHY
650 ## - SUBJECT ADDED ENTRY--TOPICAL TERM
Topical Term PHYSICS - BIBLIOGRAPHY
710 ## - ADDED ENTRY--CORPORATE NAME
Corporate name or jurisdiction name as entry element Rao, D.B. Krishna
942 ## - ADDED ENTRY ELEMENTS (KOHA)
Koha item type Thesis
Source of classification or shelving scheme Dewey Decimal Classification
Holdings
Withdrawn status Lost status Damaged status Not for loan Home library Current library Date acquired Bill Date Full call number Accession Number Price effective from Koha item type
        NASSDOC Library NASSDOC Library 08/10/2004 2004-10-22 TR.0017 28370 18/04/2019 Thesis